<?xml version="1.0" encoding="UTF-8"?>
<collection xmlns="http://www.loc.gov/MARC21/slim">
 <record>
  <leader>01479nam a22002777a 4500</leader>
  <controlfield tag="001">45181</controlfield>
  <controlfield tag="003">BD-DhAAL</controlfield>
  <controlfield tag="005">20260113123844.0</controlfield>
  <controlfield tag="008">260113t2025    sz a|||| b||| 00| 0 eng d</controlfield>
  <datafield tag="040" ind1=" " ind2=" ">
   <subfield code="a">BD-DhAAL</subfield>
   <subfield code="c">BD-DhAAL</subfield>
  </datafield>
  <datafield tag="082" ind1=" " ind2=" ">
   <subfield code="a">364.168</subfield>
   <subfield code="2">23</subfield>
  </datafield>
  <datafield tag="245" ind1=" " ind2=" ">
   <subfield code="a">Compound crime :</subfield>
   <subfield code="b">Cyber scam operations in Southeast Asia /</subfield>
  </datafield>
  <datafield tag="260" ind1=" " ind2=" ">
   <subfield code="a">Switzerland :</subfield>
   <subfield code="b">Global Initiative Against Transnational Organized Crime,</subfield>
   <subfield code="c">2025.</subfield>
  </datafield>
  <datafield tag="300" ind1=" " ind2=" ">
   <subfield code="a">ii, 63 pages :</subfield>
   <subfield code="b">illustrations ;</subfield>
   <subfield code="c">30 cm</subfield>
  </datafield>
  <datafield tag="541" ind1=" " ind2=" ">
   <subfield code="a">Donated by K. Shamsuddin Mahmood (Professor and Dean School of Law) BRAC University</subfield>
   <subfield code="e">45181</subfield>
  </datafield>
  <datafield tag="650" ind1=" " ind2=" ">
   <subfield code="a">Computer crimes.</subfield>
  </datafield>
  <datafield tag="650" ind1=" " ind2=" ">
   <subfield code="a">Computer security.</subfield>
  </datafield>
  <datafield tag="650" ind1=" " ind2=" ">
   <subfield code="a">Computer crimes</subfield>
   <subfield code="x">Investigation.</subfield>
   <subfield code="9">60174</subfield>
  </datafield>
  <datafield tag="650" ind1=" " ind2=" ">
   <subfield code="a">Scam compounds.</subfield>
   <subfield code="9">60171</subfield>
  </datafield>
  <datafield tag="650" ind1=" " ind2=" ">
   <subfield code="a">Asian Criminology.</subfield>
   <subfield code="9">60172</subfield>
  </datafield>
  <datafield tag="650" ind1=" " ind2=" ">
   <subfield code="a">Internet fraud</subfield>
   <subfield code="z">Southeast Asia.</subfield>
   <subfield code="9">60167</subfield>
  </datafield>
  <datafield tag="710" ind1=" " ind2=" ">
   <subfield code="a">Global Initiative Against Transnational Organized Crime</subfield>
   <subfield code="9">60173</subfield>
  </datafield>
  <datafield tag="856" ind1=" " ind2=" ">
   <subfield code="z">Full text available on GI-TOC</subfield>
   <subfield code="u">https://globalinitiative.net/wp-content/uploads/2025/05/GI-TOC-Compound-crime-Cyber-scam-operations-in-Southeast-Asia-May-2025.pdf</subfield>
  </datafield>
  <datafield tag="942" ind1=" " ind2=" ">
   <subfield code="2">ddc</subfield>
   <subfield code="c">BK</subfield>
  </datafield>
  <datafield tag="999" ind1=" " ind2=" ">
   <subfield code="c">47708</subfield>
   <subfield code="d">47708</subfield>
  </datafield>
  <datafield tag="952" ind1=" " ind2=" ">
   <subfield code="0">0</subfield>
   <subfield code="1">0</subfield>
   <subfield code="2">ddc</subfield>
   <subfield code="4">0</subfield>
   <subfield code="6">364_168000000000000_COM</subfield>
   <subfield code="7">0</subfield>
   <subfield code="8">RPT</subfield>
   <subfield code="9">78670</subfield>
   <subfield code="a">BRACUL</subfield>
   <subfield code="b">BRACUL</subfield>
   <subfield code="c">REF</subfield>
   <subfield code="d">2026-01-13</subfield>
   <subfield code="e">Donated by K. Shamsuddin Mahmood (Professor and Dean School of Law) BRAC University</subfield>
   <subfield code="l">0</subfield>
   <subfield code="o">364.168 COM</subfield>
   <subfield code="p">3010045181</subfield>
   <subfield code="r">2026-01-13</subfield>
   <subfield code="t">1</subfield>
   <subfield code="w">2026-01-13</subfield>
   <subfield code="y">BK</subfield>
   <subfield code="x">	Donated copy received from K. Shamsuddin Mahmood (Professor and Dean School of Law) BRAC University on 8 December 2025</subfield>
  </datafield>
 </record>
</collection>
